000
00270nam a2200109Ia 4500
008
240625s9999 xx 000 0 und d
041
_a
eng
082
_a
658.4063 ROT
100
_a
ROTHWELL WILLIAM J
245
_a
PRACTICING ORGANIZATION DEVELOPMENT A GU
260
_c
2005
999
_c
33927
_d
33927